People with Lightsabers Quiz Stats

Quiz not verified by Sporcle

Also try: Doge Memes
Challenge
Share
Tweet
Score 0/20 Timer 05:00
0 Plays Today
% Correct
Iron Man
94.8%
The Beatles
94.5%
Batman
90.6%
Barack Obama
89.6%
The Simpsons
88.5%
Harry Potter
87.8%
Star Wars
84.6%
Family Guy
77.9%
The Matrix
76%
The Lord of the Rings
71.4%
% Correct
The Walking Dead
69.5%
Doctor Who
65.9%
Tron
65.6%
Gumby
51.3%
Star Trek
46.9%
Game of Thrones
42.2%
The Princess Bride
40.1%
Firefly
31.3%
Heroes
28.4%
Xena: Warrior Princess
15.9%

You're not logged in!

Compare scores with friends on all Sporcle quizzes.
Sign Up with Email
OR
Log In

You Might Also Like...

Show Comments

Extras

Top Quizzes Today


Score Distribution

Your Account Isn't Verified!

In order to create a playlist on Sporcle, you need to verify the email address you used during registration. Go to your Sporcle Settings to finish the process.